| 000 | 00642 a2200241 4500 | ||
|---|---|---|---|
| 001 | 21599 | ||
| 650 | 7 |
_aMimarlık _xKoruma ve restorasyon _2etuturkob _9151926 |
|
| 999 |
_c21599 _d8271 |
||
| 003 | TR-AnTOB | ||
| 005 | 20260120103004.0 | ||
| 008 | 041102s2004 tu tur | ||
| 020 | _a9757438383 | ||
| 041 | _atur | ||
| 050 |
_aNA105 _b.A48 2004 |
||
| 090 | _aNA105 .A48 2004 | ||
| 100 |
_aAhunbay, Zeynep _914744 |
||
| 245 | 0 |
_aTarihi çevre koruma ve restorasyon / _cZeynep Ahunbay. |
|
| 250 | _a3. bs. | ||
| 264 | 1 |
_aİstanbul : _bYEM Yayın, _c2004 |
|
| 300 |
_a173 p. : _bcoll. ill. ; _c30 cm |
||
| 500 | _aIncludes bibliographies | ||
| 902 | _a0009018 | ||
| 942 | _cBK | ||